| 000 | 01074pam a2200289 a 4500 | ||
|---|---|---|---|
| 001 | 1107774 | ||
| 003 | NUST - PNEC | ||
| 005 | 20170116180814.0 | ||
| 008 | 930818s1994 enkabf b 001 0 eng | ||
| 010 | _a 93032915 | ||
| 020 | _a0415102278 | ||
| 020 | _a0415102286 | ||
| 040 |
_aDLC _cDLC _dDLC |
||
| 050 | 0 | 0 |
_aGE105 _b.P53 1994 |
| 082 | 0 | 0 | _a363.7 PIC |
| 100 | 1 |
_aPickering, K. T. _q(Kevin T.) |
|
| 245 | 1 | 3 |
_aAn introduction to global environmental issues / _cKevin T. Pickering and Lewis A. Owen. |
| 260 |
_aLondon ; _aNew York : _bRoutledge, _c1994. |
||
| 300 |
_axxiii, 390 p., [40] p. of plates : _bill. (some col.), maps (some col.) ; _c29 cm. |
||
| 504 | _aIncludes bibliographical references (p. 350-362) and index. | ||
| 650 | 0 |
_aEnvironmental sciences. _xGeneral |
|
| 700 | 1 |
_aOwen, Lewis A., _d1964- |
|
| 740 | 0 | _aGlobal environmental issues. | |
| 906 |
_a7 _bcbc _corignew _d1 _eocip _f19 _gy-gencatlg |
||
| 942 |
_2ddc _cBK |
||
| 999 |
_c63471 _d63471 |
||